Les psychothérapies : Quelle thérapie pour quel patient ? (notice n° 2175123)

détails MARC
000 -LEADER
fixed length control field 00758cam a2200133 4500500
005 - DATE AND TIME OF LATEST TRANSACTION
control field 20260405051053.0
041 ## - LANGUAGE CODE
Language code of text/sound track or separate title fre
042 ## - AUTHENTICATION CODE
Authentication code dc
100 10 - MAIN ENTRY--PERSONAL NAME
Personal name Huber, Winfrid
Relator term author
245 00 - TITLE STATEMENT
Title Les psychothérapies : Quelle thérapie pour quel patient ?
260 ## - PUBLICATION, DISTRIBUTION, ETC.
Name of publisher, distributor, etc. Armand Colin,<br/>
Date of publication, distribution, etc. 2005.<br/>
520 ## - SUMMARY, ETC.
Summary, etc. Quelles sont les méthodes indiquées pour quel trouble, comment le savoir et comment trouver un(e) thérapeute qui permette de négocier le meilleur traitement et de le mener à bonne fin ? Telles sont les questions auxquelles ce livre essaie de répondre à partir du savoir clinique et des récentes recherches sur la psychothérapie.
856 41 - ELECTRONIC LOCATION AND ACCESS
Uniform Resource Identifier <a href="https://shs.cairn.info/les-psychotherapies--9782200341275?lang=fr&redirect-ssocas=7080">https://shs.cairn.info/les-psychotherapies--9782200341275?lang=fr&redirect-ssocas=7080</a>

Pas d'exemplaire disponible.

PLUDOC

PLUDOC est la plateforme unique et centralisée de gestion des bibliothèques physiques et numériques de Guinée administré par le CEDUST. Elle est la plus grande base de données de ressources documentaires pour les Étudiants, Enseignants chercheurs et Chercheurs de Guinée.

Adresse

627 919 101/664 919 101

25 boulevard du commerce
Kaloum, Conakry, Guinée

Réseaux sociaux

Powered by Netsen Group @ 2025